| 000 | 00531nam a2200193Ia 4500 | ||
|---|---|---|---|
| 008 | 131103s9999 xx 000 0 und d | ||
| 040 | _aLoreto College | ||
| 041 | _aEnglish | ||
| 082 |
_a920/WIL _bLCLIB/ |
||
| 100 | _aWilhelmina, H.R.H. | ||
| 245 |
_aLonely but not alone _cH.R.H.Wilhelmina; transleted by John Peereboom |
||
| 260 |
_aLondon _bHutchinson _c1960 |
||
| 300 |
_a248p. _c 22cm. |
||
| 504 | _aIncludes index | ||
| 650 | _aBiography | ||
| 700 | _aPeereboom, John; trl. | ||
| 850 | _aLCLIB/920/WIL | ||
| 942 | _cBK | ||
| 999 |
_c25204 _d75683 |
||